| 000 -LEADER |
| fixed length control field |
00836pab a2200169 454500 |
| 008 - FIXED-LENGTH DATA ELEMENTS--GENERAL INFORMATION |
| fixed length control field |
180718b2002 xxu||||| |||| 00| 0 eng d |
| 100 ## - MAIN ENTRY--PERSONAL NAME |
| Personal name |
Sarath, S. |
| 245 ## - TITLE STATEMENT |
| Title |
Raj and the railways (a review article) |
| 260 ## - PUBLICATION, DISTRIBUTION, ETC. |
| Date of publication, distribution, etc. |
2002 |
| 300 ## - PHYSICAL DESCRIPTION |
| Extent |
p.1123-128. |
| 362 ## - DATES OF PUBLICATION AND/OR SEQUENTIAL DESIGNATION |
| Dates of publication and/or sequential designation |
23 Mar |
| 520 ## - SUMMARY, ETC. |
| Summary, etc. |
The characteristics of globalisation as it is now unfolding are multifarious. It is influencing culture as much as the economies of nation states. While most attention is focused on economic integration globalisation is seen to be leading to cultural hegemony. While such homogenisation of diverse cultures certainly makes humanity poorer, tentatively, haltingly, a universal conscience is beginning to take shape. - Reproduced. |
| 650 ## - SUBJECT ADDED ENTRY--TOPICAL TERM |
| Topical term or geographic name entry element |
Railways - India |
| 650 ## - SUBJECT ADDED ENTRY--TOPICAL TERM |
| Topical term or geographic name entry element |
Railways |
| 773 ## - HOST ITEM ENTRY |
| Main entry heading |
Economic and Political Weekly |
| 909 ## - |
| -- |
52047 |